Music Quiz

Random Music Quiz

Elvis Presley Movie Songs Quiz Stats

 Plays Quiz not verified by Sporcle

Score 0/234 Timer 20:00
0 Plays Today
Movie Song % Correct
Love Me TenderLove Me Tender
94.7%
Jailhouse RockJailhouse Rock
88.2%
Loving YouLoving You
82.9%
King CreoleKing Creole
81.6%
G.I. BluesG.I. Blues
78.9%
Loving YouTeddy Bear
74.3%
Blue HawaiiBlue Hawaii
73%
Follow That DreamFollow That Dream
73%
Viva Las VegasViva Las Vegas
72.4%
King CreoleTrouble
71.7%
Girl HappyGirl Happy
71.7%
G.I. BluesWooden Heart
70.4%
Girls! Girls! Girls!Girls! Girls! Girls!
69.1%
Blue HawaiiCan't Help Falling In Love
68.4%
RoustaboutRoustabout
68.4%
SpinoutSpinout
66.4%
ClambakeClambake
65.8%
Frankie And JohnnyFrankie And Johnny
63.8%
Jailhouse RockTreat Me Nice
63.2%
Love Me TenderPoor Boy
62.5%
Wild In The CountryWild In The Country
62.5%
Love Me TenderLet Me
61.2%
Double TroubleDouble Trouble
61.2%
Love Me TenderWe're Gonna Move
59.9%
Change Of HabitChange Of Habit
59.9%
King CreoleHard Headed Woman
59.2%
Fun In AcapulcoFun In Acapulco
59.2%
SpeedwaySpeedway
59.2%
Girls! Girls! Girls!Return To Sender
58.6%
Kissin' CousinsKissin' Cousins
58.6%
Jailhouse RockYoung And Beautiful
57.9%
King CreoleCrawfish
57.9%
Easy Come, Easy GoEasy Come, Easy Go
57.2%
Loving YouParty
56.6%
Blue HawaiiRock-A-Hula Baby
55.9%
Stay Away, JoeStay Away, Joe
55.9%
Loving YouHot Dog
54.6%
Loving YouLonesome Cowboy
53.9%
Loving YouGot a Lot o' Livin' to Do
53.3%
G.I. BluesFrankfurt Special
53.3%
Jailhouse RockDon't Leave Me Now
52.6%
Blue HawaiiHawaiian Wedding Song
52.6%
Jailhouse RockI Want To Be Free
52%
Viva Las VegasThe Lady Loves Me
52%
Loving YouMean Woman Blues
51.3%
Paradise, Hawaiian StyleParadise, Hawaiian Style
51.3%
Blue HawaiiSlicin' Sand
50%
Live A Little, Love A LittleA Little Less Conversation
50%
King CreoleLover Doll
49.3%
G.I. BluesBig Boots
48.7%
Viva Las VegasC'Mon Everybody
48.7%
Kid GalahadKing Of The Whole Wide World
48%
The Trouble With GirlsAlmost
48%
Fun In AcapulcoBossa Nova Baby
47.4%
King CreoleSteadfast, Loyal, and True
46.7%
G.I. BluesDidja' Ever
46.7%
G.I. BluesPocketful of Rainbows
46.7%
Blue HawaiiIto Eats
46.7%
Blue HawaiiBeach Boy Blues
46.7%
Fun In AcapulcoMexico
46.7%
King CreoleNew Orleans
46.1%
It Happened At The World's FairHow Would You Like To Be
45.4%
Change Of HabitRubberneckin'
45.4%
RoustaboutLittle Egypt
44.1%
King CreoleAs Long As I Have You
43.4%
Follow That DreamAngel
43.4%
It Happened At The World's FairOne Broken Heart For Sale
43.4%
It Happened At The World's FairHappy Ending
43.4%
Harum ScarumHarem Holiday
43.4%
G.I. BluesShoppin' Around
42.8%
Blue HawaiiAlmost Always True
42.8%
King CreoleYoung Dreams
42.1%
King CreoleDixieland Rock
42.1%
Viva Las VegasWhat'd I Say
42.1%
G.I. BluesTonight Is So Right For Love
41.4%
It Happened At The World's FairRelax
41.4%
RoustaboutPoison Ivy League
40.8%
Change Of HabitLet Us Pray
40.8%
Movie Song % Correct
King CreoleDon't Ask Me Why
39.5%
Wild In The CountryI Slipped, I Stumbled, I Fell
39.5%
It Happened At The World's FairBeyond The Bend
39.5%
Girl HappyDo The Clam
39.5%
Double TroubleOld MacDonald
39.5%
Live A Little, Love A LittleEdge Of Reality
39.5%
SpeedwayYour Time Hasn't Come Yet Baby
38.8%
The Trouble With GirlsClean Up Your Own Backyard
38.8%
Blue HawaiiNo More
38.2%
Girls! Girls! Girls!I Don't Wanna Be Tied
38.2%
Girls! Girls! Girls!The Walls Have Ears
38.2%
RoustaboutCarny Town
38.2%
RoustaboutHard Knocks
38.2%
Blue HawaiiKu-U-I-Po
37.5%
Blue HawaiiHawaiian Sunset
37.5%
Girls! Girls! Girls!Song Of The Shrimp
37.5%
Fun In AcapulcoThe Bullfighter Was A Lady
37.5%
Kid GalahadI Got Lucky
36.8%
Girls! Girls! Girls!We're Comin' In Loaded
36.8%
It Happened At The World's FairTake Me To The Fair
36.8%
It Happened At The World's FairCotton Candy Land
36.2%
Girl HappyPuppet On A String
36.2%
G.I. BluesDoin' The Best I Can
35.5%
Blue HawaiiIsland Of Love
35.5%
Fun In AcapulcoI Think I'm Gonna Like It Here
35.5%
Viva Las VegasThe Yellow Rose Of Texas
35.5%
RoustaboutOne Track Heart
35.5%
SpeedwayLet Yourself Go
35.5%
Live A Little, Love A LittleAlmost In Love
35.5%
Jailhouse Rock(You're So Square) Baby I Don't Care
34.9%
Follow That DreamWhat A Wonderful Life
34.9%
Kissin' CousinsOnce Is Enough
34.9%
Viva Las VegasI Need Somebody To Lean On
34.9%
Frankie And JohnnyHard Luck
34.9%
Fun In AcapulcoEl Toro
34.2%
RoustaboutWheels On My Heels
34.2%
Harum ScarumSo Close, Yet So Far (From Paradise)
34.2%
Flaming StarA Cane And A High Starched Collar
33.6%
Blue HawaiiMoonlight Swim
33.6%
Girls! Girls! Girls!Earth Boy
33.6%
Tickle MeDirty, Dirty Feeling
33.6%
Easy Come, Easy GoSing You Children
33.6%
Girls! Girls! Girls!Because Of Love
32.9%
Viva Las VegasIf You Think I Don't Need You
32.9%
ClambakeConfidence
32.9%
G.I. BluesWhat's She Really Like
32.2%
RoustaboutThere's A Brand New Day On The Horizon
32.2%
RoustaboutBig Love, Big Heartache
32.2%
Girl HappySpring Fever
32.2%
Tickle Me(Such An) Easy Question
32.2%
Blue HawaiiAloha 'Oe
31.6%
It Happened At The World's FairThey Remind Me Too Much Of You
31.6%
It Happened At The World's FairI'm Falling In Love Tonight
31.6%
SpinoutStop, Look, And Listen
31.6%
Change Of HabitHave A Happy
31.6%
Follow That DreamI'm Not The Marrying Kind
30.9%
RoustaboutIt's Carnival Time
30.9%
Girl HappyWolf Call
30.9%
Kid GalahadRiding The Rainbow
30.3%
Fun In AcapulcoYou Can't Say No In Acapulco
30.3%
Viva Las VegasToday, Tomorrow, And Forever
30.3%
Girl HappyFort Lauderdale Chamber Of Commerce
30.3%
Girl HappyThe Meanest Girl In Town
30.3%
Fun In AcapulcoMarguerita
29.6%
Kissin' CousinsOne Boy, Two Little Girls
29.6%
SpinoutI'll Be Back
29.6%
Easy Come, Easy GoThe Love Machine
29.6%
Double TroubleLong Legged Girl (With The Short Dress On)
29.6%
ClambakeYou Don't Know Me
29.6%
SpinoutNever Say Yes
28.9%
SpinoutAdam And Evil
28.9%
SpinoutAll That I Am
28.9%
Frankie And JohnnyPlease Don't Stop Loving Me
28.3%
SpeedwayThere Ain't Nothing Like A Song
28.3%
Fun In Acapulco(There's) No Room To Rhumba In A Sports Car
27.6%
Girl HappyDo Not Disturb
27.6%
Harum ScarumHey Little Girl
27.6%
Paradise, Hawaiian StyleDatin'
27.6%
Movie Song % Correct
Wild In The CountryIn My Way
27%
Kid GalahadThis Is Living
27%
Harum ScarumKismet
27%
Paradise, Hawaiian StyleA Dog's Life
27%
Easy Come, Easy GoYoga Is As Yoga Does
27%
Stay Away, JoeAll I Needed Was The Rain
27%
Stay Away, JoeDominick
27%
SpeedwayHe's Your Uncle, Not Your Dad
27%
Harum ScarumShake That Tambourine
26.3%
SpinoutSmorgasbord
26.3%
Live A Little, Love A LittleWonderful World
26.3%
Kid GalahadHome Is Where The Heart Is
25.7%
RoustaboutIt's A Wonderful World
25.7%
Girl HappyStartin' Tonight
25.7%
Tickle MeIt Feels So Right
25.7%
Wild In The CountryHusky Dusky Day
25%
Girls! Girls! Girls!Thanks To The Rolling Sea
25%
Kissin' CousinsBarefoot Ballad
25%
Easy Come, Easy GoI'll Take Love
24.3%
Double TroubleCould I Fall In Love
24.3%
ClambakeWho Needs Money
24.3%
The Trouble With GirlsSwing Down Sweet Chariot
24.3%
Kid GalahadA Whistling Tune
23.7%
Fun In AcapulcoGuadalajara
23.7%
Tickle Me(It's A) Long, Lonely Highway
23.7%
Harum ScarumMirage
23.7%
Paradise, Hawaiian StyleScratch My Back (Then I'll Scratch Yours)
23.7%
SpinoutBeach Shack
23.7%
Double TroubleI Love Only One Girl
23.7%
ClambakeHey, Hey, Hey
23.7%
ClambakeThe Girl I Never Loved
23.7%
Tickle MeI'm Yours
23%
Harum ScarumGo East Young Man
23%
Frankie And JohnnyBeginner's Luck
23%
Paradise, Hawaiian StyleThis Is My Heaven
23%
Follow That DreamSound Advice
22.4%
It Happened At The World's FairWorld Of Our Own
22.4%
Kissin' CousinsSmokey Mountain Boy
22.4%
ClambakeA House That Has Everything
22.4%
Girls! Girls! Girls!A Boy Like Me, A Girl Like You
21.7%
Frankie And JohnnyChesay
21.7%
Paradise, Hawaiian StyleQueenie Wahine's Papaya
21.7%
Paradise, Hawaiian StyleStop Where You Are
21.7%
Paradise, Hawaiian StyleSand Castles
21.7%
Girl HappyCross My Heart And Hope To Die
21.1%
Frankie And JohnnyLook Out, Broadway
21.1%
Frankie And JohnnyDown By The Riverside
21.1%
Double TroubleBaby, If You'll Give Me All Of Your Love
21.1%
SpeedwayWho Are You (Who Am I)
21.1%
Double TroubleCity By Night
20.4%
The Trouble With GirlsSigns Of The Zodiac
20.4%
Frankie And JohnnyEverybody Come Aboard
19.7%
Paradise, Hawaiian StyleDrums Of The Islands
19.7%
Easy Come, Easy GoYou Gotta Stop
19.7%
Tickle MeI Feel That I've Known You Forever
19.1%
Kissin' CousinsCatchin' On Fast
18.4%
Girls! Girls! Girls!We'll Be Together
17.8%
Girl HappyI've Got To Find My Baby
17.8%
Harum ScarumGolden Coins
17.8%
Frankie And JohnnyCome Along
17.8%
SpinoutAm I Ready
17.8%
Double TroubleThere Is So Much World To See
17.8%
Kissin' CousinsTender Feeling
17.1%
Tickle MeNight Rider
17.1%
Harum ScarumAnimal Instinct
17.1%
Kissin' CousinsThere's Gold In The Mountains
15.8%
Frankie And JohnnyShout It Out
15.8%
Paradise, Hawaiian StyleHouse Of Sand
15.8%
Double TroubleIt Won't Be Long
15.8%
ClambakeHow Can You Lose What You Never Had
15.1%
Harum ScarumWisdom Of The Ages
14.5%
Frankie And JohnnyPetunia, The Gardener's Daughter
14.5%
Fun In AcapulcoVino, Dinero y Amor
13.8%
Harum ScarumMy Desert Serenade
13.2%
Tickle MeSlowly But Surely
11.2%
Tickle MePut The Blame On Me
11.2%
Frankie And JohnnyWhat Every Woman Lives For
10.5%
Girls! Girls! Girls!Where Do You Come From
9.2%

You're not logged in!

Compare scores with friends on all Sporcle quizzes.
OR
Log In

Sporcle TV

Today on Sporcle TV


Watch our educational content, quiz creation guides, and fun videos on Sporcle TV.

Show Comments

Extras

Created Jan 11, 2015SourceReportNominate
Tags:Elvis Presley

Top Quizzes Today


Score Distribution

Your Account Isn't Verified!

In order to create a playlist on Sporcle, you need to verify the email address you used during registration. Go to your Sporcle Settings to finish the process.

Report this User

Report this user for behavior that violates our Community Guidelines.

Details: